000 00432cam a2200181ua 4500
020 _cRs 2.50
041 _ahin
_h
082 _a891.54
_bDIV/VI
100 _aDivanchand, Sharma .
245 _aVichar-Tarang /
_cDivanchand Sharma.
_hTextual Documents
250 _a2 /
_b.
260 _a :
_bRajpal and Sanch ,
_c1961.
300 _a148 ; .
365 _aRs 2.50
504 _a
942 _cBK
999 _c3576
_d3576